| 000 | 00612nam a2200169Ia 4500 | ||
|---|---|---|---|
| 008 | 090711s9999 xx 000 0 und d | ||
| 082 | _b1024 | ||
| 100 | _aघाणेकर मधुसूदन | ||
| 245 | _aअंकशास्त्र एक रहस्य | ||
| 260 |
_bसुयोग प्रकाशन _c1996 |
||
| 300 | _a80 | ||
| 600 | _aघाणेकर मधुसूदन | ||
| 630 | _aअंकशास्त्र एक रहस्य | ||
| 700 | _aघाणेकर मधुसूदन | ||
| 730 | _aअंकशास्त्र एक रहस्य | ||
| 942 | _cBOOK | ||
| 999 |
_c324518 _d324518 |
||